[Event "Hoogovens"]
[Site "Wijk aan Zee"]
[Date "1992.01.??"]
[Round "1"]
[White "Kortschnoj, Viktor Lvovich"]
[Black "Sax, Gyula"]
[Result "1/2-1/2"]
[WhiteElo "2585"]
[BlackElo "2600"]
[Annotator "Ribli,Z"]
[PlyCount "61"]
[EventDate "1992.01.??"]
[EventType "tourn"]
[EventRounds "13"]
[EventCountry "NED"]
[EventCategory "14"]
[SourceTitle "CBM 028"]
[Source "ChessBase"]
[SourceDate "1992.06.01"]
[SourceVersion "1"]
[SourceVersionDate "1992.06.01"]
[SourceQuality "1"]

1. Nf3 Nf6 2. c4 c5 3. Nc3 d5 4. cxd5 Nxd5 5. e3 Nxc3 6. bxc3 g6 7. Bb5+ Nd7 8.
d4 Bg7 9. O-O O-O 10. a4 (10. Ba3 b6 11. Qb3 Qc7 12. Rfd1 $13 {Chekhov,
V-Lputian,S URS-ch58 1991 CBM/27}) 10... Qc7 11. e4 (11. Ba3 b6 12. e4 (12. a5
$6 Bb7 13. Qa4 Nf6 14. a6 Bd5 15. Rfe1 Ne4 16. Rac1 Rad8 $13 {Frolov,Y-Svidler,
P Leningrad 1990 EXP/18}) 12... Nf6 13. Re1 Rd8 14. Bd3 Bb7 15. Qd2 e6 $10 {
Kortschnoj,V-Kamsky,G Tilburg 1991 CBM/26 53/53}) 11... Rd8 12. Ba3 Nf6 13. Qe1
b6 14. Rd1 a6 (14... Bb7 $6 15. d5 $1 $14) 15. Bd3 Bg4 $1 16. e5 Bxf3 17. gxf3
Nd5 $13 18. Be4 c4 $1 19. Kh1 e6 20. Rg1 Qd7 21. Bd6 (21. Bc2 b5 $15) 21...
Qxa4 22. Bxd5 exd5 23. Bc7 Re8 24. Bxb6 Rab8 25. Rb1 Qc2 26. Qe3 Qf5 (26... a5
$2 27. Rbc1) 27. Rb4 Bh6 $5 28. Qxh6 Qxf3+ 29. Rg2 Qd1+ 30. Rg1 Qf3+ 31. Rg2
1/2-1/2

[Event "CUB-ch"]
[Site "Holguin"]
[Date "2002.04.01"]
[Round "2"]
[White "Alvarez, Jose"]
[Black "Dominguez Perez, Leinier"]
[Result "0-1"]
[WhiteElo "2403"]
[BlackElo "2594"]
[Annotator "Ribli,Z"]
[PlyCount "108"]
[EventDate "2002.03.31"]
[EventType "tourn"]
[EventRounds "17"]
[EventCountry "CUB"]
[EventCategory "9"]
[SourceTitle "CBM 089"]
[Source "ChessBase"]
[SourceDate "2002.08.12"]
[SourceVersion "1"]
[SourceVersionDate "2002.08.12"]
[SourceQuality "1"]

1. c4 Nf6 2. Nc3 c5 3. g3 d5 4. cxd5 Nxd5 5. Bg2 Nc7 6. Nf3 (6. Qb3 $5 {
Mit diesem Zug kann Weiß den Umstand ausnutzen, dass die Diagonale des Bg2
geöffnet und der Zug Nf3 noch nicht gespielt ist.}) 6... Nc6 7. d3 e5 {Das ist
die sogenannte Rubinstein-Variante der Englischen Eröffnung, eigentlich
handelt es sich dabei um eine Maroczy- Variante der Sizilianischen
Verteidigung mit vertauschten Farben. Weiß hat Entwicklungsvorsprung, aber das
schwarze Zentrum ist sehr stark.} 8. Nd2 Bd7 9. O-O Be7 10. Nc4 f6 (10... O-O
11. Bxc6 Bxc6 12. Nxe5 Be8 $44 {Das ist die Alternative für Schwarz - hier hat
er das Läuferpaar für einen Bauern, und die weiße Königsstellung ist
geschwächt. Ich bin mir allerdings nicht sicher, ob Schwarz damit ausreichende
Kompensation hat.}) 11. f4 b5 12. Ne3 Rc8 (12... Rb8 $6 13. Nf5 $1 Bxf5 14.
Bxc6+ Bd7 15. Bxd7+ Qxd7 16. fxe5 fxe5 $14 (16... Qd4+ $6 17. Kg2 Qxe5 $2 18.
Bf4 Qe6 19. Bxc7 Qc6+ 20. Nd5 $1 Qxd5+ 21. e4 $18)) (12... exf4) 13. a4 {
Dieser Zug lässt Weiß auf Eröffnungsvorteil hoffen. Es gibt allerdings eine
Reihe von Alternativen: 13.Bd2, 13.f5, 13.Ned5, 13.fe5.} b4 14. Nb5 (14. Ncd5)
14... exf4 15. Nc4 {Dieser Zug kam erstmals in der Partie Lautier,J - Leko,P
Batumi 1999 auf's Brett.} (15. Nxc7+ Rxc7 16. Rxf4 (16. gxf4 Be6 17. Nc4 Qd7
18. Kh1 O-O 19. b3 Nd4 20. Rb1 Re8 21. Rb2 Bf8 22. Qe1 Bf7 23. Qf2 Qg4 {
0-1 Hjartarson,J-Sokolov,A/Rotterdam 1989/CBM 13 (46)}) 16... O-O 17. Nf5 Be6
18. Be3 Qd7 19. Qf1 Bxf5 20. Rxf5 Nd4 21. Rd5 Qe6 22. Qf2 Nc2 23. Bf4 Rd7 24.
Rxd7 Qxd7 25. Rc1 {1-0 Berkes,F-Perunovic,M/Balatonlelle 2001/EXT 2002 (40)}) (
15. gxf4 Nxb5 16. axb5 Nd4 17. Rxa7 Nxb5 18. Ra6 O-O 19. f5 Nd4 20. Rf4 $5 Kh8
(20... Bc6 21. Qf1 $14) 21. Qf1 Bb5 $1 {0-1 Lputian,S-Leko,P/Wijk aan Zee 77/
46 2000/[Leko,P] (37)}) (15. Nf5) 15... fxg3 $13 {Der Textzug führt zu
unklaren Verwicklungen.} (15... Nxb5 16. axb5 Nd4 17. Rxa7 Nxb5 $1 (17... Bg4
$6 18. Rf2 $1 O-O 19. b6 $1 fxg3 20. hxg3 g5 $1 21. Qf1 Nb5 22. Ra6 (22. Ra5
Nd6 $14) 22... Rb8 23. b7 Nd4 24. Be3 Qc7 25. Bxd4 cxd4 26. Bd5+ Kg7 $14 {
1/2-1/2 Lautier,J-Leko,P/Batumi 77/45 1999/[Lautier,J] (26)}) 18. Rb7 fxg3 19.
Bf4 $1 {(Leko,P)} gxh2+ 20. Bxh2 $44 Nd4 21. Nb6 Bg4 22. Nxc8 Bxc8 $13) 16.
Nbd6+ Kf8 17. hxg3 $5 $44 {Weiß nimmt nicht den Turm auf c8, sondern hält die
Spannung aufrecht. Weiß hat damit zwar einen Bauern weniger, dafür steht sein
Nd6 aber sehr aktiv.} (17. Nxc8 gxh2+ 18. Kxh2 Qxc8 $13 {Schwarz hat zwei
Bauern für die Qualität. Der Nc4 steht ausgezeichnet, dafür kontrolliert
Schwarz das Feld d4. Beide Spieler haben einige Problemen mit der eigenen
Königsstellung.}) 17... Rb8 18. Be3 Ne6 {[%csl Yd4][%cal Ge6d4,Gc6d4]} (18...
Nd4 19. Bf4 $13 (19. Nb7 Qc8 20. Nbd6)) (18... Bxd6 19. Nxd6 Nd4 20. Bf4 $13 (
20. Bxd4 cxd4 21. Qc1 $13)) 19. Ne4 (19. Bf2) 19... Be8 {[%cal Ge8f7]} (19...
Kg8) 20. g4 {[%cal Gg4g5,Gf1f8] Weiß möchte am Königsflügel angreifen und
seinen Läufer über f2 nach g3 führen..} h6 (20... Kg8) 21. Bf2 {[%cal Gf2g3,
Gg3b8]} h5 $1 (21... Kg8) 22. g5 (22. Bg3 hxg4 23. Bxb8 Qxb8 $36 {[%cal Rb8h2,
Rh2g1] Schwarz hat zwei Bauern für die Qualität und gutes Spiel auf den
schwarzen Feldern.}) 22... h4 {[%csl Gh4][%cal Rh4h3] Auch Schwarz hat seine
Chancen am Königsflügel.} 23. gxf6 gxf6 24. Kh1 Ned4 (24... Ncd4) 25. Bxd4 Nxd4
26. Bh3 (26. e3 $2 Bh5 $17) 26... Bd7 27. Bxd7 Qxd7 {[%cal Rd7h3,Rh3h1]} 28.
Rf2 Nf5 {[%csl Gf5][%cal Gf5g3,Gg3h1]} (28... Qh3+ 29. Rh2 Qg4 30. Rg2) (28...
Re8 29. Nxf6 Bxf6 30. Rxf6+ Kg7 31. Rf2 Rh6 $15) {[#]} 29. Ne5 $5 $13 {[%mdl
64] Dieser Springerzug ist sehr schön.} Ng3+ {Die Annahme des Springeropfers
wäre sehr gefährlich für Schwarz, deshalb gibt er lieber die Qualität.} (29...
fxe5 30. Qg1 (30. Qf1 Rh5 $19) 30... Rh7 31. Raf1 Rf7 32. Kh2 $1 (32. Qg4 Ng3+
33. Qxg3 hxg3 34. Rxf7+ Kg8 (34... Ke8 35. Nf6+ Bxf6 36. Rxd7 Kxd7 37. Rxf6
Rh8+ 38. Kg2 Rh2+ 39. Kxg3 Rxe2 $19) 35. Nf6+ $18) 32... Rb7 (32... Nh6 33.
Rxf7+ Nxf7 34. Qg6 $18) 33. Qg6 Rb6 34. Qg4 $36) 30. Kg2 Qe6 (30... Qb7 31.
Ng6+ Kg7 32. Nxh8 Nxe4 33. dxe4 Qxe4+ {Durch Zugumstellung gelangen wir zurück
zu unserer Partie.}) 31. Ng6+ (31. Nxf6 Kg7 $17 (31... Bxf6 $2 32. Rxf6+ Qxf6
33. Nd7+ $16 {[%cal Rd7f6,Rd7f8]})) 31... Kg7 32. Nxh8 Nxe4 33. dxe4 Qxe4+ (
33... h3+ $5) 34. Rf3 Kxh8 {[%cal Gb8g8,Gg8g2]} 35. Qd3 Rg8+ 36. Kh1 Qg4 (36...
f5 $2 37. Qxe4 fxe4 38. Rf4 e3 39. Re4 Bg5 40. Rc1 Rc8 41. Rxb4 $16) 37. Rf2
Rg6 (37... c4 $5 $13) 38. Qf3 Qg3 39. Rg2 (39. Qxg3 $2 hxg3 $17 {[%csl Gg3]})
39... Qxf3 40. exf3 Kg7 41. Rd1 {[%cal Gd1d7] Weiß scheint besser zu stehen,
denn es droht bereits das Eindringen des Turms auf d7. Tatsächlich hat aber
auch Schwarz seine Chancen.} (41. Rc1) 41... Rxg2 42. Kxg2 {[%mdl 4096]} Kf7
43. Rd7 a5 44. Ra7 c4 45. Rxa5 c3 46. bxc3 bxc3 $132 {[%csl Gc3] Wir haben
jetzt eine interessante Endspielstellung erreicht. Weiß hat R gegen B+P. Der
Pc3 ist sehr stark, denn er befindet sich unweit des Verwandlungsfeldes c1.
Und auch der Ph4 ist gut, denn Weiß wird Zeit investieren müssen, um ihn mit
dem König oder dem Turm zu erobern. Der Pa4 hingegen ist in dieser konkreten
Stellung nicht besonders gefährlich für Schwarz.} 47. Ra7 $2 (47. Ra6 $5 {
[%cal Ga6c6,Gc6c3]} Bb4 48. Rb6 Ba3 49. Rc6 Bb4 (49... Bb2 50. a5 $18) 50. Kh3
(50. Rb6 Bc5 51. Rb5 Be3 52. Rb7+ Ke6 53. Rc7 Bd4) 50... Ke7 51. Kxh4 Kd7 52.
Rc4 Ba5 53. Kh5 Ke6 54. Kg6 Kd5 55. Rc8 Bb4 56. Kxf6 Bc5 57. Re8 c2 58. Re1 Be3
$11) 47... Ke6 {[%csl Gc3,Ge6]} 48. Rc7 (48. Rb7 Bc5) 48... Bb4 49. Rc4 (49.
Kh3 Kd5 50. Kxh4 Bc5 51. Rd7+ Bd6 52. Rg7 c2 53. Rg1 Bf4 $19) 49... Kd5 50. Rc8
(50. Rxb4 c2 51. Rxh4 c1=Q $19) 50... Bc5 $19 {[%csl Gc3] Damit ist der weiße
Turm vom Pc3 abgeschnitten.} 51. Rd8+ Kc4 52. Rh8 c2 53. Rxh4+ Kb3 54. Rh1 Kxa4
{Weiß muss den Turm für den Pc2 geben.} (54... Be3 $2 55. a5 c1=Q 56. Rxc1 Bxc1
57. a6 Be3 58. Kh3 Kc4 59. Kg4 Kd5 60. Kf5 $11) 0-1

[Event "Bundesliga 0405"]
[Site "Germany"]
[Date "2005.03.13"]
[Round "13.5"]
[White "Kalinitschew, Sergey"]
[Black "Holzke, Frank"]
[Result "0-1"]
[WhiteElo "2533"]
[BlackElo "2492"]
[Annotator "Ribli,Z"]
[PlyCount "72"]
[EventDate "2004.11.12"]
[EventType "team-tourn"]
[EventRounds "15"]
[EventCountry "GER"]
[SourceTitle "CBM 106"]
[Source "ChessBase"]
[SourceDate "2005.06.06"]
[SourceVersion "1"]
[SourceVersionDate "2005.06.06"]
[SourceQuality "1"]
[WhiteTeam "Kreuzberg"]
[BlackTeam "Wattenscheid"]
[WhiteTeamCountry "GER"]
[BlackTeamCountry "GER"]

1. Nf3 Nf6 2. c4 c5 3. Nc3 Nc6 4. e3 e5 5. Be2 {Dieser Zug wird selten
gespielt; die wichtigsten Alternativen sind 5.d4 und 5.a3.} d5 6. d4 e4 (6...
cxd4 7. exd4 e4 (7... exd4) 8. Ne5 Bd6 (8... dxc4 9. Bxc4 Nxe5 10. dxe5 Qxd1+
11. Nxd1 Nd7 12. Bf4 $14) 9. Qa4 Bxe5 (9... O-O 10. Nxc6 bxc6 11. Qxc6 Rb8 12.
c5 $16) 10. dxe5 d4 11. exf6 dxc3 12. fxg7 Rg8 13. Qc2 $1 {1-0 Shariyazdanov,
A-Maly,A/St Petersburg RUS 2003/(23)}) (6... exd4 7. exd4 {In dieser Variante
ist eine symmetrische Stellung erreicht, in der Weiß ein Tempo mehr und etwas
bessere Aussichten hat.}) 7. Ne5 (7. Ng5 cxd4 8. exd4 Bb4) 7... Bd6 8. Qa4 {
Der weiße Damenzug scheint sehr stark, aber die bessere Alternative wäre wohl
8.cxd5.} (8. cxd5 Nxe5 9. dxe5 Bxe5 10. Nxe4 Nxd5 (10... Nxe4 $5 11. Qa4+ {
[%cal Ra4e4,Ra4e8]} Bd7 12. Qxe4 Qe7 13. Bd3 (13. Bd2 Bxb2 14. Qxe7+ Kxe7 15.
Rb1 Be5 16. Rxb7 Rhb8 $36) 13... f5 14. Qc4 b5 15. Qc2 O-O 16. O-O c4 $44) 11.
f4 (11. O-O $5 O-O (11... Bxh2+ $4 12. Kxh2 Qh4+ 13. Kg1 Qxe4 14. Bf3 $18) 12.
f4 (12. Nxc5 $6 Qd6 $1) (12. Bf3 $5) 12... Bf6 13. Bf3 $36 (13. Nxc5 $5)) 11...
Bc7 12. Bb5+ Bd7 13. Bxd7+ (13. Qxd5 $6 Bxb5 14. Qxd8+ Rxd8 15. Nxc5 Bc6 $44 {
[%csl Gc6,Gc7]}) 13... Qxd7 14. Nxc5 Qc6 $44 {0-1 Kraai,J-De Firmian,N/Seattle
2003/CBM 93/[Ribli] (54)}) 8... O-O {Schwarz opfert einen Bauern für die
Entwicklung.} 9. Nxc6 bxc6 10. dxc5 (10. Qxc6 Be6 (10... cxd4) 11. dxc5 (11.
cxd5) 11... Be5 {Auf diese Weise erreichen wir mit Zugumstellung die
Partiefortstzung.}) 10... Be5 (10... Bxc5 $6 11. Qxc6 Qe7 12. Qxa8 (12. Nxd5
Nxd5 13. Qxd5 Bb7 $44) 12... Bb7 13. Qxf8+ Kxf8 14. Bd2 $14) 11. Qxc6 Be6 $44 {
[%csl Rc6,Ge4] Weiß hat zwei Mehrbauern, aber Schwarz besitzt Entwicklungs-
und Raumvorteil im Zentrum. Die weiße Dame steht darüber hinaus nicht sehr
sicher auf c6.} 12. cxd5 (12. O-O dxc4 (12... Bxc3 13. bxc3 dxc4 $44) 13. Nxe4
Rc8 14. Nxf6+ Qxf6 15. Qb7 Rxc5 $44) 12... Nxd5 (12... Rc8 13. Qa4 Bxc3+ 14.
bxc3 Qxd5 15. O-O Qg5 $44) 13. Nxd5 (13. Nxe4 Nb4 14. Qa4 Nd3+ $44) 13... Bxd5
14. Qa4 Qc7 $36 {[%csl Gc7,Gd5,Ge5][%cal Gc7h2,Gc7c5][%mdl 2048] Schwarz hat
ausgezeichnetes Figurenspiel: seine Läufer dominieren das Spiel während der
weiße König noch auf seinem Ursprungsfeld steht.} 15. Qa3 (15. Qc2 Rfc8 $36 (
15... Rac8 16. Bd2 Qxc5 17. Qxc5 Rxc5 18. Bb4 Rc2 19. Bxf8 Kxf8 $44)) 15...
Rfc8 16. O-O {Weiß gibt den Bauern zurück, um seinen König in Sicherheit zu
bringen, jedoch wird er keine Ruhe am Königsflügel finden.} (16. f4 exf3 17.
gxf3 (17. Bxf3 Bxf3 18. gxf3 Bxh2 $17) 17... Bxh2 $36 (17... Qe7 $36)) (16. Bd2
Qxc5 17. Qxc5 Rxc5 18. b4 Rc2 19. Rc1 Rxa2 20. f4 exf3 21. gxf3 Bf6 $17) 16...
Bxh2+ (16... Qxc5 17. Qxc5 Rxc5 $15) 17. Kh1 Re8 $6 {[%csl Rh1][%cal Re8e6,
Re6h6,Rh6h1] Die schwarze Drohung ist klar: er möchte seinen Turm auf der
sechste Reihe ins Spiel bringen.} (17... Be5 $36) 18. Rd1 Bb7 19. Bd2 {Die
weißen Figuren sind weit vom Königsflügel entfernt, aber mit dem Textzug kann
Weiß endlich seine Entwicklung beenden.} (19. g3 $2 Bxg3 20. fxg3 Qxg3 $19) (
19. Bb5 $5) 19... Re6 $2 {Konsequent gespielt, aber nicht gut. Es wäre besser
zuerst an den Läufer auf h2 zu denken.} (19... Be5 $36) 20. Ba5 $132 Qe7 (20...
Qe5) 21. Bg4 $2 {[%cal Gg4h3] Es "hängt" der Re6 und Weiß kann sich mit 22.Bh3
verteidigen. Aber statt der Partiefortsetzung hätte er sofort 21.g3! spielen
sollen.} (21. Kxh2 Qh4+ 22. Kg1 Rh6 23. f4 exf3 $19) (21. g3 $1 Rh6 (21... Qg5
22. Kxh2 Ba6 23. Bxa6 Qh5+ 24. Kg1 Rh6 25. Kf1 Qf3 26. Ke1 $18) 22. Rd6 $1 $18
(22. Kg2 Qe6 $17)) 21... Rh6 22. Bh3 Be5 23. Bc3 (23. c6 $2 Rxh3+ 24. gxh3 Qe6
25. Kg2 Qg6+ 26. Kh1 (26. Kf1 Ba6+ 27. Ke1 Qg1+ 28. Kd2 Qxf2+ 29. Kc1 Rc8 $19)
26... Qh5 $19) 23... Bc8 $1 {[%csl Rh1][%cal Rc8h3][%mdl 128] Gut gespielt;
Schwarz möchte die einzige weiße Verteidigungsfigur tauschen, um den direkten
Angriff am Königsflügel einzuleiten.} 24. Bxe5 (24. c6 Qh4 (24... Qg5) 25. Rd7
Bxd7 26. cxd7 Bxc3 27. Qxc3 Rd8 $17) 24... Bxh3 25. Bf4 (25. gxh3 Qh4 $19 (
25... Qe6 $19)) (25. Bh2 Bxg2+ (25... Qh4 $19) 26. Kxg2 Qg5+ 27. Bg3 Qg4 $19)
25... Rh5 (25... g5 $2 26. Bh2) 26. Kg1 Qh4 $1 {[%csl Rg1,Yg2,Gh3,Gh4,Gh5]
[%cal Rh3g2]} (26... Bg4 $17) 27. Bg3 Qg4 28. Qa5 {Es scheint, dass Weiß mit
29.Rd8+ Gegendrohungen besitzt, die den schwarzen Angriff hemmen.} (28. Qxa7
Rf8 $19) 28... h6 29. Rd8+ Kh7 $1 $19 {[%csl Rg1,Gh7] Das ist die Pointe des
schwarzen Spiels! Der schwarze König steht sicher, während sich sein weißer
Kollege in großer Not befindet. Er beschäftigt sich nicht mit seinem Turm auf
a8, aufgrund der tödlichen Drohung 30...Bxg2.} (29... Rxd8 30. Qxd8+ Kh7 31.
Qd1 Qf5 32. Qf1 $16) 30. Rd5 {Dieser Zug verlängert nur die Partie.} (30. Rxa8
Bxg2 $19 {Und Fritz8 sagt ein Matt in acht Zügen voraus.}) 30... Rxd5 (30... f5
$19) 31. gxh3 Qxh3 32. Qb4 Qg4 (32... Re8 $19) 33. Qb7 Rad8 34. Qxf7 Qh3 (34...
Rh5 $19) 35. Bd6 R8xd6 36. cxd6 Rg5# 0-1

[Event "URS-ch58"]
[Site "Moscow"]
[Date "1991.??.??"]
[Round "10"]
[White "Chekhov, Valery A"]
[Black "Lputian, Smbat G"]
[Result "1-0"]
[WhiteElo "2525"]
[BlackElo "2570"]
[Annotator "Ribli,Z"]
[PlyCount "175"]
[EventDate "1991.11.??"]
[EventType "swiss"]
[EventRounds "11"]
[EventCountry "URS"]
[SourceTitle "URS-ch"]
[Source "ChessBase"]
[SourceDate "1999.07.01"]
[SourceVersion "1"]
[SourceVersionDate "1999.07.01"]
[SourceQuality "1"]

1. c4 c5 2. Nf3 Nf6 3. Nc3 d5 4. cxd5 Nxd5 5. e3 Nxc3 6. bxc3 g6 7. Bb5+ Nd7 8.
O-O Bg7 9. d4 O-O 10. Ba3 (10. a4 Qc7 11. Ba3 b6 12. e4 Nf6 13. Re1 Rd8 14. Bd3
Bb7 15. Qd2 e6 16. h3 Rac8 17. Qe3 $13 {Kortschnoj,V-Kamsky,G Tilburg 1991 CBM/
26}) 10... b6 11. Qb3 Qc7 12. Rfd1 Nf6 (12... a6 13. Be2 e6 14. Bb2 Bb7 15. a4
Rfd8 16. Rac1 Rac8 17. c4 $13 cxd4 18. exd4 Bxf3 $2 19. Bxf3 e5 $2 20. Bd5 exd4
21. Bxf7+ $1 $16 {Tarjan-Adamski Buenos Aires ol 1978 26/77}) 13. Be2 Bb7 (
13... e6 14. Rab1 $14) 14. d5 $1 Nxd5 15. Rxd5 Bxd5 16. Qxd5 Bxc3 17. Rc1 Bf6
18. h4 Rad8 19. Qe4 Qd7 20. g4 $1 Qd5 21. Qxd5 Rxd5 22. e4 Rdd8 23. e5 $16 Bg7
24. Bb2 e6 25. a4 h6 26. g5 h5 27. Kf1 Rd5 28. Bc4 Rd7 29. Ke2 Rfd8 30. Bc3 Kh7
31. Bb5 Rc7 32. Bb2 Ra8 33. Ba6 Rd8 34. Nd2 Rcd7 35. Ne4 Rd5 36. f4 $18 Kg8 37.
Bb5 Rc8 38. Ba6 Rcd8 39. Bc4 R8d7 40. Bc3 Kh8 41. Bb5 Rc7 42. Nd6 Bf8 43. Nc4
Rb7 44. Ra1 Kg8 45. Rb1 Rb8 46. Ba6 Be7 47. Nd2 Rd7 48. Bb5 Rc7 49. Bc4 Rcc8
50. Kd3 Rd8+ 51. Kc2 Rdc8 52. Ba6 Rd8 53. Nc4 Kf8 54. Nd2 Kg8 55. Bc4 Rdc8 56.
Rb2 Rd8 57. Rb3 Kf8 58. Rb1 Rdc8 59. Ne4 Rd8 60. Rf1 Rd7 61. Bb5 Rdd8 62. Kb3
Rd5 63. Kc2 Rdd8 64. Rf3 Ra8 65. Ba6 Rab8 66. Nd6 Rd7 67. Bb5 Rdd8 68. Rd3 Kg8
69. Kb3 Ra8 70. Ba6 Rab8 71. Kc4 Rd7 72. Nxf7 Rxd3 73. Nh6+ Kg7 74. Kxd3 Rd8+
75. Kc2 Bf8 76. Bc4 Re8 77. a5 Re7 78. a6 Kh7 79. Bd2 Bxh6 80. gxh6 Re8 81. Be3
Kg8 82. Kb3 Kf7 83. Ka4 Rh8 84. Kb5 Rc8 85. Be2 Rc7 86. f5 $1 gxf5 87. Bxh5+
Kg8 88. Bg6 1-0

[Event "Corus"]
[Site "Wijk aan Zee"]
[Date "2004.01.17"]
[Round "6"]
[White "Timman, Jan H"]
[Black "Svidler, Peter"]
[Result "1/2-1/2"]
[WhiteElo "2578"]
[BlackElo "2747"]
[Annotator "Ribli,Z"]
[PlyCount "89"]
[EventDate "2004.01.10"]
[EventType "tourn"]
[EventRounds "13"]
[EventCountry "NED"]
[EventCategory "19"]
[SourceTitle "CBM 099"]
[Source "ChessBase"]
[SourceDate "2004.03.30"]
[SourceVersion "1"]
[SourceVersionDate "2004.03.30"]
[SourceQuality "1"]

1. Nf3 Nf6 2. c4 c5 3. Nc3 d5 {Dieser Zug wird relativ selten gespielt, die
Alternativen 3...Nc6 oder 3...e6 sind populärer.} 4. cxd5 Nxd5 5. d4 Nxc3 (5...
e6 {Auf diese Weise haben wir die Variante 1.d4 Nf6 2.c4 e6 3.Nf3 d5 4.Nc3 c5
5.cxd5 Nxd5 - mit Zugumstellung.}) (5... cxd4 6. Qxd4 Nxc3 7. Qxc3 Nc6 8. e4)
6. bxc3 g6 {Mit diesem Zug möchte Schwarz eine Stellung erreichen, die typisch
für die Grünfeld-Indische Verteidigung ist.} 7. e3 Bg7 8. Bb5+ Nd7 {Mit diesem
Zug möchte Schwarz das Spiel komplizieren. Nach 8...Bd7 hat Schwarz gute
Ausgleichschancen.} 9. O-O O-O 10. a4 {Mit diesem Zug gewinnt Weiß Raum am
Damenflügel und verhindert, dass Schwarz a6 und b7-b5 spielt.} Qc7 (10... b6
11. Qe2 Bb7 12. e4 a6 13. Bd3 cxd4 14. cxd4 Nc5 15. Bc2 Bxd4 16. Nxd4 Qxd4 17.
Be3 Qf6 18. a5 $44 {1/2-1/2 Akesson,R-Hellers,F/Sweden 1999/EXT 2000 (39)}) 11.
e4 {Weiß hat eine starke Zentrumstellung, aber Schwarz kontrolliert die
wichtigsten Zentrumsfelder mit seinen Figuren.} (11. Ba3 b6 12. a5 Bb7 13. Qa4
Nf6 14. a6 Bd5 15. Rfe1 Ne4 16. Rac1 Rad8 17. Bd3 f5 18. c4 Bc6 19. Qc2 e6 {
1/2-1/2 Frolov,Y-Svidler,P/Leningrad 1990/CBM 18 ext (35)}) 11... Nf6 (11...
Rd8 12. Qe2 $1 Nf8 13. Be3 Bg4 14. Rfd1 Ne6 15. e5 a6 16. Bc4 cxd4 17. cxd4
Bxf3 18. gxf3 Nf8 19. Rab1 Rab8 20. f4 $36 e6 21. d5 $1 {1-0 Kortschnoj,
V-Grosar,A/Ptuj 1995/CBM 47/[Ribli] (40)}) 12. Re1 Rd8 13. Ba3 (13. h3 b6 14.
Bg5 Bb7 15. Bd3 Nh5 16. e5 Bh8 17. Be4 Bxe4 18. Rxe4 cxd4 19. cxd4 Qb7 20. Qe2
Ng7 21. e6 f5 22. Re3 Ne8 23. Rd1 Nf6 24. Ne5 Ne4 {1/2-1/2 Olafsson,
H-Rytshagov,M/Stockholm 1997/EXT 98 (65)}) 13... b6 14. Qb3 $5 $146 {[%mdl 4]
Weiß vermeidet die Fesselung auf der d-Linie.} (14. Bd3 Bb7 15. a5 (15. Qd2)
15... Nh5 16. Rc1 e5 17. a6 Bc8 18. Bc4 Be6 19. d5 Bg4 20. h3 Bxf3 21. Qxf3 Nf6
22. Bd3 Ne8 23. h4 Nd6 {1/2-1/2 Kortschnoj,V-Gavrikov,V/Horgen 1994/CBM 43 (79)
}) 14... e6 (14... Bb7 15. Ng5 e6 16. e5 Nd5 17. Ne4 $14) 15. a5 $14 {Weiß hat
freie Hand am Damenflügel und im Zentrum. Schwarz hat keine Schwächen, aber
seine Stellung ist ein wenig passiv.} Bb7 (15... cxd4 $6 16. cxd4 (16. axb6
Qxb6 (16... axb6 17. Bd6 Qb7 18. Rxa8 Qxa8 19. Be7 $16) 17. Be7 Rd7 18. Bxf6
Bxf6 19. e5 Bg7 20. Nxd4 Rc7 $11) 16... bxa5 17. Rac1 Qb7 18. Qd3 $16) 16. e5
Nd5 (16... Nh5 $5 {[%cal Gh5f4]} 17. Ng5 Nf4 $132 (17... cxd4 18. cxd4 Rxd4 19.
a6 Bxg2 (19... Bc6 20. Nxe6 fxe6 21. Qxe6+ $18) (19... Bd5 20. Qe3 Rf4 21. g3
Rf5 22. f4 $16) 20. Kxg2 Rg4+ 21. Kh1 Rxg5 22. Rac1 Qb8 23. Bd6 $13)) 17. a6
Bc6 (17... Bc8 $2 18. c4 Nf4 19. g3 $16) 18. c4 {Mit einfachen Zügen
verbessert Weiß seine Stellung.} Ne7 (18... Bxb5 19. cxd5 Bxa6 20. dxe6 $16)
19. dxc5 bxc5 (19... Bxb5 20. cxb6 $18) 20. Bxc5 $16 {Weiß hat einen Bauern
mehr - ich sehe keine Kompensation für Schwarz.} Nf5 (20... Bxb5 21. Qxb5 Rab8
22. Bd6 $18) 21. Bxc6 Qxc6 22. Qb5 Qc7 (22... Rdc8 23. Ra5 $16) 23. g4 {
Weiß möchte den f5-Springer verjagen, aber der Textzug schwächt die weiße
Königsstellung.} (23. Ba3 Rab8 24. Qc5 $16) 23... Rdb8 (23... Rac8 24. Bxa7
Qxa7 25. Qb7 Qxb7 26. axb7 Rb8 27. gxf5 Rxb7 $16) 24. Qa5 Qc6 (24... Qxa5 $2
25. Rxa5 $18) 25. Ra3 Rc8 26. gxf5 $6 {Dieser Zug führt zu Vereinfachungen,
aber die taktische Alternative - 26.Rd1! - scheint mir besser.} (26. Rd1 $1
Qxc5 27. Rd8+ Rxd8 (27... Bf8 28. Qxc5 Rxd8) 28. Qxc5 Bf8 29. Qa5 Bxa3 30. gxf5
$16) 26... Qxc5 27. Qxc5 Rxc5 28. f6 Bf8 {[%cal Gf8a3] Der weiße c-Bauer ist
permanent blockiert, so dass die Verwertung des Materialvorteils nur sehr
schwer, wenn überhaupt möglich ist.} 29. Ra4 Rb8 (29... Rac8 30. Rc1 $16) 30.
Rd1 Rc7 31. Kg2 h6 32. Rd3 (32. h4 $5 $16) 32... g5 $1 {[%mdl 256] Auf diese
Weise erhält Schwarz mehr Raum am Königsflügel, wonach seine
Verteidigungschancen steigen.} 33. Kg3 (33. Nd4 {[%cal Gd4b5]} Rd7 (33... Rd8
34. Nxe6 $18) 34. Nc6 Rxd3 35. Nxb8 Rd4 36. Nc6 $16) 33... Bc5 34. h4 $6 (34.
Nd2 $16 {[%cal Gd2e4,Ge4c5]}) 34... gxh4+ 35. Nxh4 Kh7 {[%cal Gb8g8,Gg8g1]} 36.
f4 Rg8+ 37. Kh3 (37. Kf3 $16) 37... Bf2 38. Ng2 (38. Rb4 $16) 38... Rgc8 39.
Rf3 (39. Ra2 Bb6 40. Rg3 Rg8 41. Rxg8 Kxg8 42. Ra4 Rd7 $14) 39... Bb6 $14 {
Weiß steht natürlich besser - mit Plusbauern -, aber der c4P ist schwach und
Weiß kann nicht weitergehen.} 40. Rg3 Kh8 41. Nh4 (41. Rg7 Bc5 $14) 41... Bf2 (
41... Rxc4 42. Rxc4 Rxc4 43. Rg7 Rc7 44. f5 $18) 42. Rg7 Bc5 {[%cal Gc5f8,
Gf8g7]} 43. Rg3 Bf2 44. Rg7 Bc5 45. Rg3 {Und Remis mit Zugwiederholung.}
1/2-1/2